Geología de minas / (Record no. 168534)

MARC details
000 -LEADER
campo de control de longitud fija 00790nam a22002175i 4500
001 - NÚMERO DE CONTROL
campo de control 168534
003 - IDENTIFICADOR DE NÚMERO DE CONTROL
campo de control ES-MaACL
005 - FECHA Y HORA DE LA ÚLTIMA TRANSACCIÓN
campo de control 20250815110843.0
008 - DATOS DE LONGITUD FIJA--INFORMACIÓN GENERAL
campo de control de longitud fija 080417s1961 sp |||| | spa d
080 ## - NÚMERO DE LA CLASIFICACIÓN DECIMAL UNIVERSAL
Número de la Clasificación Decimal Universal 553(02)
100 1# - ENTRADA PRINCIPAL--NOMBRE DE PERSONA
Nombre de persona Mac Kinstry, Hugh Exton.
9 (RLIN) 137615
245 10 - MENCIÓN DEL TÍTULO
Título Geología de minas /
Mención de responsabilidad, etc. Hugh Exton Mac Kinstry ; con secciones a cargo de Stanley A. Tyler..., E.N. Pennebaker..., Kenyon E. Richard... [Traducción por Miguel Casanueva].
260 ## - PUBLICACIÓN, DISTRIBUCIÓN, ETC.
Lugar de publicación, distribución, etc. Barcelona :
Nombre del editor, distribuidor, etc. Omega,
Fecha de publicación, distribución, etc. [1961]
300 ## - DESCRIPCIÓN FÍSICA
Extensión 671 p., III lám. :
Otras características físicas il. ;
Dimensiones 23 cm.
650 07 - PUNTO DE ACCESO ADICIONAL DE MATERIA--TÉRMINO DE MATERIA
Término de materia o nombre geográfico como elemento de entrada Geología
Fuente del encabezamiento o término embne
9 (RLIN) 13086
700 1# - ENTRADA AGREGADA--NOMBRE PERSONAL
Nombre de persona Tyler, Stanley A.
9 (RLIN) 137616
700 1# - ENTRADA AGREGADA--NOMBRE PERSONAL
Nombre de persona Pennebaker, E. N.
9 (RLIN) 137617
700 1# - ENTRADA AGREGADA--NOMBRE PERSONAL
Nombre de persona Casanueva, Miguel.
9 (RLIN) 36140
852 ## - LOCALIZACIÓN
Ubicación ES-MaACL
Número de control de estantería C-21896
itemnumber R.50709
Holdings
Estatus retirado Estado de pérdida Estado de daño No para préstamo Biblioteca de origen Biblioteca actual Ubicación en estantería Fecha de adquisición Fuente de adquisición Total de préstamos Signatura topográfica completa Código de barras Visto por última vez Precio de reemplazo Tipo de ítem Koha
        Biblioteca del Ateneo de Madrid Biblioteca del Ateneo de Madrid Galería 17/04/2008     C-21896 1176859 23/02/2023 23/02/2023 Libro impreso